000 01105nam a2200241 i 4500
001 114810
003 ES-MaACL
005 20251122063121.0
007 t|
008 070330s1911 sp |||| |dspa d
100 1 _aRodríguez Marín, Francisco,
_d1855-1943
_998634
245 1 4 _aEl "divino" Herrera y la condesa de Gelves :
_bconferencia leída en el Ateneo de Madrid el día 1º de junio de 1911 /
_cpor Francisco Rodríguez Marín.
260 _aMadrid :
_b[s.n.],
_c1911 (
_fImp. de Bernardo Rodríguez)
300 _a31 p. :
_bil. ;
_c28 cm.
530 _aDisponible en formato digital.
594 _aPrecede al tít.: Conferencias y cursos breves organizados por el Ministerio de Instrucción Pública y Bellas Artes.
600 1 4 _aHerrera, Fernando de-
_xBiografías.
_963191
600 1 4 _aFernández de Córdoba y Milán de Aragón, Leonor,
_dca. 1534-1597
_9173132
610 2 4 _aAteneo de Madrid-
_vConferencias-
_y1900-1939
_91907
852 _aES-MaACL
_jT-1259-F-7
856 _uhttps://archive.org/details/eldivinoherreray00rodr
_zInternet Archive
999 _c114810
_d114810